| 000 | 00855 a2200241 4500 | ||
|---|---|---|---|
| 003 | OSt | ||
| 005 | 20180116192351.0 | ||
| 008 | 120601t xxu||||| |||| 00| 0 eng d | ||
| 010 | _a 13017352 | ||
| 020 | _a9781152255913 | ||
| 035 | _a(OCoLC)4787524 | ||
| 040 | _c0 | ||
| 082 | _a726.09 | ||
| 100 | 1 |
_aCulpin, Ewart G. _93513 |
|
| 245 | 1 | 4 |
_aThe garden city movement up-to-date, _cby Ewart G. Culpin (secretary to the Garden cities and town planning association) |
| 260 |
_aLondon : _bThe Garden cities and town planning association; _c[1913]. |
||
| 300 |
_a66 p. : _c25 cm. |
||
| 650 | 1 | 0 |
_aGarden cities _zGreat Britain. _93514 |
| 650 | 1 | 0 |
_aCity planning _93515 |
| 710 | 2 |
_aTown and Country Planning Association (Great Britain) _93516 |
|
| 942 |
_aSADA _cBK _k726.09 CUL 1913 _2ddc |
||
| 999 |
_c352943 _d352943 |
||